| 000 | 00772nam a2200265Ia 4500 | ||
|---|---|---|---|
| 003 | OSt | ||
| 005 | 20220927105334.0 | ||
| 006 | a|||||r|||| 00| 0 | ||
| 007 | ta | ||
| 008 | 220926b |||||||| |||| 00| 0 eng d | ||
| 020 | _a9780821370018 | ||
| 024 | _a190466 | ||
| 037 | _cReference Collections | ||
| 040 |
_aRTL _cRTL _beng |
||
| 041 |
_2eng _aeng |
||
| 082 | _a"X:891.1, P8" | ||
| 100 |
_aMORAN Theodore _9371788 |
||
| 110 | _aWORLD BANK | ||
| 245 | 0 |
_aInternational political risk management _b" Needs of the present, challenges for the future" |
|
| 260 |
_aWashington _bWorld Bank _c2008 |
||
| 300 |
_a"xvii, 272p" _ccm. |
||
| 700 | _aWORLD BANK | ||
| 942 |
_h"X:891.1, P8" _cCC |
||
| 999 |
_c691957 _d691957 |
||